|
|
|
|
| LEADER |
00700cam a2200217 7i4500 |
| 001 |
0000006669 |
| 005 |
20090721090000.0 |
| 020 |
|
|
|a 0071142436 (pbk.)
|
| 020 |
|
|
|a 9780071142434
|
| 090 |
0 |
0 |
|a QA76.54
|b .K75 1997
|
| 100 |
1 |
|
|a Krishna, C. M
|
| 245 |
1 |
0 |
|a Real-time systems
|c C.M. Krishna, Kang G. Shin.
|
| 250 |
|
|
|a International ed.
|
| 260 |
|
|
|a Singapore:
|b McGraw-Hill,
|c 1997.
|
| 300 |
|
|
|a xvi, 448 p.:
|b ill.;
|c 23 cm.
|
| 490 |
0 |
|
|a McGraw-Hill series in computer science
|
| 504 |
|
|
|a Includes bibliographical references and index
|
| 650 |
0 |
0 |
|a Real-time control
|
| 650 |
0 |
0 |
|a Real-time data processing
|
| 700 |
1 |
|
|a Shin, Kang G
|
| 999 |
|
|
|a 0000000499
|b BOK
|c OPEN SHELF
|e 2nd Floor, Bestari Jaya
|